000
00273nam a22001217a 4500
008
181205b xxu||||| |||| 00| 0 eng d
041
_a
eng
080
_a
902
100
_a
45
101
_a
ARKE
245
_a
Guide to the Vatican Museums
_c
Pietrangeli,C
942
_2
udc
_c
BK
999
_c
52840
_d
52840